I-vel végződő országok - Statistics

General Stats
  • This quiz has been taken 110 times
  • The average score is 4 of 8
Answer Stats
ország % Correct
Mali
66%
Kiribati
59%
Haiti
53%
Malawi
50%
Burundi
48%
Brunei
38%
Dzsibuti
26%
Eswatini
16%
No matching quizzes found
Score Distribution
Percent of People with Each Score
Percentile by Number Answered
Your Score History
You have not taken this quiz